000 00840cam a22002174a 4500
005 20250605164123.0
008 250528s ||||||||||||||||||||||||d
035 _a18362
020 _a782122663
040 _aGR-AtMCL
_bgre
_dGR-AtMCL
_eAACR2
245 1 _aMastering XML
260 _bSybex,
_c2000
300 _a888
520 _aXML is revolutionizing the exchange and processing of data on the Web and in other applications. Introduction, Getting Started with XML, The Building Blocks of XML Document Creation, Designing Your Data, Putting It All Together, Converting to XML, The XML Toolbox, XML Applications, Using XML to Solve Real Business Problems, Appendices, Index.
700 1 _aBurman Linda
_94637
700 1 _aNavarro Ann
_94638
700 1 _aWhite Chuck
_94639
942 _cBK
999 _c3724
_d3724